=LDR 00000nam 2200000 4500 =001 INLIS000000000011729 =005 20200702115635 =035 ##$$a 0010-061300000011729 =008 200702################g##########0#ind## =041 ##$$a Ind =082 ##$$a 2x5.2 =090 ##$$a 2x5.2, Han p =100 ##$$a Hanbali, Al Harizh Al- =245 1#$$a Pengembaraan spiritual : $b "Kajian reflektif dunia sufi", /$c Al-Hafiz Ibn Rajab Al-Hanbali ; penerjemah, Yahya Mukhtar Ghazzawi =260 ##$$a Jakarta :$b Buku Islam Rahmatan,$c 2000 =300 ##$$a 133 hlm. ; $c 20 x 13 cm. =650 #4$$a Tasawuf =850 ##$$a NBPNMAT =084 ##$$a 2x5.2 HAN p =250 ##$$a cet. 3 =700 #$$a Yahya Mukhtar Ghazzawi =990 ##$$a DW00013006 =990 ##$$a DW00013007 =990 ##$$a 10401473 =990 ##$$a 10401474 =990 ##$$a 10401475 =990 ##$$a 10401476 =990 ##$$a 00092888 =990 ##$$a 1200000587 =990 ##$$a 158.849 pb.2000 =990 ##$$a DW00013006 =990 ##$$a 10401473 =990 ##$$a 10401474 =990 ##$$a 10401475 =990 ##$$a 10401476 =990 ##$$a 00092888 =990 ##$$a 1200000587